Το 10

Αποθηκεύτηκε σε:
Λεπτομέρειες βιβλιογραφικής εγγραφής
Κύριος συγγραφέας: Καραγάτσης, Μ., 1908-1960
Μορφή: Βιβλίο
Γλώσσα:Greek
Δημοσίευση: Αθήνα : [χ.ό.], [χ.χ.].
Θέματα:
Ετικέτες: Προσθήκη ετικέτας
Δεν υπάρχουν, Καταχωρήστε ετικέτα πρώτοι!

MARC

LEADER 00000cam a2200000 i 4500
001 1/41227
008 961023s gr | ||| |||| ||gre||
035 |l 10025375 
040 |a GR-MY-UA  |b gre  |e aacr 
041 0 |a gre 
082 7 |a 889.3   |2 (22) 
100 1 |a Καραγάτσης, Μ.,   |d 1908-1960. 
245 1 3 |a Το 10 /   |c Μ. Καραγάτση.  
260 |a Αθήνα :   |b [χ.ό.],   |c [χ.χ.].  
300 |a 330 σ. ;   |c 21 εκ.  
650 0 0 |a Greek literature. 
852 |a INST  |b CHIOS  |e 19961023  |h 889.3 ΚΑΡ  |p 005200011268  |q 005200011268  |t BK  |y 0 
970 |z 1996/10